[Event "AUTO-ADV-4908"]
[Site "http://www.queenalice.com/game.php?id=1866889"]
[Date "2025.12.11"]
[Round "1"]
[White "MarcosT"]
[Black "SGF"]
[Result "1-0"]
[WhiteElo "2048"]
[BlackElo "1816"]

1. d4 d5 2. e3 e6 3. Nd2 Qf6 4. c3 Be7 5. Bd3 h5 6. Ne2 Qg6 7. Bxg6 fxg6 8. O-O
g5 9. f4 gxf4 10. Nxf4 Rh6 11. Nxh5 Rg6 12. Qf3 Nf6 13. Nxf6+ Rxf6 14. Qh5+ g6
15. Qh8+ Rf8 16. Rxf8+ Bxf8 17. Nf3 Nd7 18. Ng5 Nb6 19. b3 Bd7 20. Qf6 Be7 21.
Qf7+ Kd8 22. Nxe6+ Bxe6 23. Qxe6 g5 24. Bd2 a5 25. Rf1 Nc8 26. Qxd5+ Nd6 27.
Qg8+ Ne8 28. a4 Kd7 29. e4 c6 30. Bxg5 Bxg5 31. Qxg5 b6 32. Rf7+ Ke6 33. Qe7#
1-0

[Event "AUTO-ADV-4908"]
[Site "http://www.queenalice.com/game.php?id=1866890"]
[Date "2025.12.11"]
[Round "1"]
[White "SGF"]
[Black "MarcosT"]
[Result "0-1"]
[WhiteElo "1760"]
[BlackElo "2078"]

1. e4 e5 2. Qf3 Nf6 3. d3 Nc6 4. c3 Be7 5. Be2 d6 6. Qg3 g6 7. h4 h5 8. b4 Bd7
9. a4 a6 10. b5 axb5 11. a5 Nxa5 12. Bd2 Nb3 13. Rxa8 Qxa8 14. Bd1 Nxd2 15. Nxd2
Qa1 16. Ne2 Ng4 17. f3 Ne3 18. Kf2 Qa7 19. d4 exd4 20. Nxd4 Nxd1+ 21. Rxd1 Bf6
22. Ke3 Qc5 23. Nb1 O-O 24. Rd3 Qa7 25. f4 c5 26. e5 dxe5 27. fxe5 Bxe5 28. Qg5
Re8 29. Nxb5 Bxb5 30. Rd8 c4+ 31. Kf3 Bc6+ 32. Ke2 Qa5 33. Rxe8+ Bxe8 34. Nd2
Qxc3 35. Qd8 Kf8 36. Qc8 Qd3+ 37. Kd1 Bc3 38. Qc5+ Kg8 39. Qf2 Ba4+ 40. Ke1 Qb1+
41. Ke2 Qd3+ 42. Ke1 Qb1+ 43. Ke2 Bxd2 44. Kxd2 Qd3+ 45. Kc1 c3 46. g3 Qd1# 0-1

[Event "AUTO-ADV-4908"]
[Site "http://www.queenalice.com/game.php?id=1866891"]
[Date "2025.12.11"]
[Round "1"]
[White "MarcosT"]
[Black "mvson33"]
[Result "1-0"]
[WhiteElo "2072"]
[BlackElo "1819"]

1. d4 Nf6 2. Nd2 d5 3. e3 e6 4. Bd3 Be7 5. c3 O-O 6. f4 Nc6 7. Ngf3 Bd7 8. O-O
a6 9. a3 Na7 10. Ng5 c5 11. Rf3 cxd4 12. cxd4 Nc6 13. Rh3 h6 14. Qc2 Rc8 15.
Ndf3 Ne5 16. Bh7+ Kh8 17. Qb1 Nxf3+ 18. gxf3 Qa5 19. b4 Qc7 20. Bd3 Bb5 21. Bxb5
axb5 22. e4 1-0

[Event "AUTO-ADV-4908"]
[Site "http://www.queenalice.com/game.php?id=1866892"]
[Date "2025.12.11"]
[Round "1"]
[White "mvson33"]
[Black "MarcosT"]
[Result "0-1"]
[WhiteElo "1799"]
[BlackElo "2067"]

1. d4 d5 2. Nf3 e6 3. e3 f5 4. Be2 Nd7 5. O-O Ngf6 6. Nc3 Be7 7. Bd2 O-O 8. Rc1
Bd6 9. Nb1 c6 10. c4 Ne4 11. cxd5 cxd5 12. Nc3 Ndf6 13. Qc2 Bd7 14. Nxe4 Nxe4
15. Ne5 Rc8 16. Qb3 Nxd2 17. Rxc8 Qxc8 18. Qd1 Nxf1 19. Bxf1 Bxe5 20. dxe5 Qc7
0-1